The Reliability of Mechanical Systems /

Uložené v:
Podrobná bibliografia
Hlavný autor: Davidson, John (Autor)
Médium: Kniha
Jazyk:English
Vydavateľské údaje: London : MEP, 1994
Vydanie:2. Edition
Predmet:
Tagy: Pridať tag
Žiadne tagy, Buďte prvý, kto otaguje tento záznam!

MARC

LEADER 00000nam a22000003a 4500
001 stu33149
005 20150617225733.5
008 980414s1994----uk------------------eng-d
020 |a 0-85298-881-8 
040 |a STU  |b slo 
041 0 |a eng 
044 |a uk 
080 |a 62-192 
080 |a 303.214.2  |7 stu_us_auth*stu609 
100 1 |a Davidson, John  |4 aut 
245 1 |a The Reliability of Mechanical Systems /  |c [aut.] Davidson,John(editor 
250 |a 2. Edition 
260 |a London :  |b MEP,  |c 1994 
300 |a 163 s 
650 7 |a spoľahlivosť programových systémov  |2 stusub 
996 |b 284J016407  |c J*94014  |l JJST  |s P  |a 0  |w stu33149_0001